00978nam a2200169Ia 4500008004100000082002400041100003800065245019500103260002400298300001100322500006200333502011700395650008500512700009600597952009800693999001700791120622s9999 xx 000 0 und d aT 657.48 H565c 1995 aHerrera Martínez, María Elena aLa consultoría fiscal como medio de apoyo en una compañia constructora / María Elena Herrera Martínez, Ma. Magdalena Martínez Acosta, Romualdo Martínez Huerta, Eva Ovalle Becerra aMéxico : El autor a217 p. aSeminario la consultoría fiscal y el contador público aTESIS (Contador público). -- Instituto Politécnico Nacional, Escuela Superior de Comercio y Administración a1. CONTABILIDAD FINANCIERA \ 2. INDUSTRIA DE LA CONSTRUCCION - ASPECTOS FISCALES aMartínez Acosta, María Magdalena \ Martínez Huerta, Romualdo \ Ovalle Becerra, EvaÌ 00104070a01b01d2007-01-25l0oT 657.48 H565C 1995p01 005831r2012-06-24w2012-06-24yLB c57160d57160